| 000 | 00495nam a2200193Ia 4500 | ||
|---|---|---|---|
| 008 | 180523s9999 xx 000 0 und d | ||
| 020 | _a971-822-003-8 | ||
| 050 | _aMAIN BT 456 | ||
| 050 | _b.W54 1981 | ||
| 100 | _aWiersbe, Warren W. | ||
| 245 | 0 | _aJesus' seven last words / | |
| 245 | 0 | _cWarren W. Wiersbe | |
| 260 | _aQuezon City, PH : | ||
| 260 | _bBack to the Bible, | ||
| 260 | _c1981 | ||
| 300 | _a72 pages : | ||
| 300 | _c19 cm. | ||
| 650 | _aJesus Christ -- Seven last words. | ||
| 999 |
_c356595 _d356595 |
||